000 00881nam a2200289Ia 4500
003 OSt
005 20221006142422.0
006 a|||||r|||| 00| 0
007 ta
008 221006b |||||||| |||| 00| 0 eng d
020 _a9780881322132
_c
_16.50
024 _a6,334
037 _cTextual
040 _aEASL
_cEASL
_beng
041 _2eng
_aeng
082 _aV495:1973.N93, N5
100 _aBERGSTEN C Fred Ed.
_9513707
245 0 _aPolitical economy of Korea- United States cooperation
260 _aWashington,
_bDC Institute for International Economics
_c1995
300 _a109p.
_ccm.
490 _v KEL
650 _a Korea- Forign economic relations- United states
_9647698
650 _aKEL
700 _a SAKONG Il Ed.
_9647699
942 _hV495:1973.N93, N5
_cTEXL
_2CC
999 _c1074420
_d1074420